| 000 | 00886nam a22002177a 4500 | ||
|---|---|---|---|
| 003 | OSt | ||
| 005 | 20150408114032.0 | ||
| 008 | 120510s2012 jo ak g b 00| 0 ara d | ||
| 020 | _a9789957524371 | ||
| 040 | _cMU | ||
| 082 | 0 | 4 |
_221 _a658.4013 _bر ر م |
| 100 | 1 |
_aالرحاحلة، عبد الرزاق سالم. _913280 |
|
| 245 | 1 | 0 |
_aمفاهيم حديثة في الرقابة الإدارية / _cتأليف عبد الرزاق سالم الرحاحلة، ناصر جمال خضور. |
| 250 | _aط. 1. | ||
| 260 |
_aعمان، الأردن : _bدار الإعصار العلمي ؛ _bمكتبة المجتمع العربي، _c2012. |
||
| 300 |
_a287 ص. : _bأشكال، جداول ؛ _c24 سم. |
||
| 504 | _aببليوجرافية : ص. 279-287. | ||
| 650 | 4 |
_aالرقابة الإدارية. _912338 |
|
| 700 | 1 |
_aخضور، ناصر جمال. _913282 |
|
| 942 |
_2ddc _cDVD |
||
| 999 |
_c22950 _d257450 |
||